|
|
|
|
| LEADER |
01810nam a2200421 i 4500 |
| 001 |
EBC1449348 |
| 003 |
MiAaPQ |
| 005 |
20200520144314.0 |
| 006 |
m o d | |
| 007 |
cr cnu|||||||| |
| 008 |
160718t20112011fluad ob 000 0 eng d |
| 020 |
|
|
|z 9781439847466
|
| 020 |
|
|
|a 9781439894125
|q (electronic bk.)
|
| 035 |
|
|
|a (MiAaPQ)EBC1449348
|
| 035 |
|
|
|a (Au-PeEL)EBL1449348
|
| 035 |
|
|
|a (CaPaEBR)ebr11166298
|
| 035 |
|
|
|a (OCoLC)908077611
|
| 040 |
|
|
|a MiAaPQ
|b eng
|e rda
|e pn
|c MiAaPQ
|d MiAaPQ
|
| 050 |
|
4 |
|a RS380
|b .D647 2011
|
| 082 |
0 |
|
|a 615.19
|2 22
|
| 100 |
1 |
|
|a Dogramatzis, Dimitris,
|d 1962-
|e author.
|
| 245 |
1 |
0 |
|a Healthcare biotechnology :
|b a practical guide /
|c Dimitris Dogramatzis.
|
| 264 |
|
1 |
|a Boca Raton, Florida ;
|a London, [England] ;
|a New York :
|b CRC Press,
|c 2011.
|
| 264 |
|
4 |
|c 2011
|
| 300 |
|
|
|a 1 online resource (664 pages) :
|b illustrations, charts, tables, graphs
|
| 336 |
|
|
|a text
|2 rdacontent
|
| 337 |
|
|
|a computer
|2 rdamedia
|
| 338 |
|
|
|a online resource
|2 rdacarrier
|
| 504 |
|
|
|a Includes bibliographical references at the end of each chapters.
|
| 588 |
|
|
|a Description based on print version record.
|
| 590 |
|
|
|a Electronic reproduction. Ann Arbor, MI : ProQuest, 2016. Available via World Wide Web. Access may be limited to ProQuest affiliated libraries.
|
| 650 |
|
0 |
|a Pharmaceutical biotechnology.
|
| 650 |
|
0 |
|a Biotechnology.
|
| 650 |
|
0 |
|a Biotechnology industries.
|
| 655 |
|
4 |
|a Electronic books.
|
| 776 |
0 |
8 |
|i Print version:
|a Dogramatzis, Dimitris, 1962-
|t Healthcare biotechnology : a practical guide.
|d Boca Raton, Florida ; London, [England] ; New York : CRC Press, c2011
|h xiii, 648 pages
|z 9781439847466
|w 2010043670
|
| 797 |
2 |
|
|a ProQuest (Firm)
|
| 856 |
4 |
0 |
|u https://ebookcentral.proquest.com/lib/matrademy/detail.action?docID=1449348
|z Click to View
|